000 00282nam a22001337a 4500
008 181005b xxu||||| |||| 00| 0 eng d
020 _a0520070836
041 _aeng
080 _a316
100 _a50
101 _aSOC
245 _aEthnic Options
_cWaters, M.C
942 _2udc
_cBK
999 _c48927
_d48927